[Event "Halden Spring B"]
[Site "Halden"]
[Date "2012.04.02"]
[Round "4"]
[White "Rosseland, Jon Birger"]
[Black "Knudsen, Bjornar"]
[Result "1-0"]
[WhiteElo "1173"]
[BlackElo "1259"]
[PlyCount "53"]
[EventDate "2012.04.02"]
[EventType "swiss"]
[EventRounds "5"]
[EventCountry "NOR"]
[SourceTitle "EXT 2024"]
[Source "ChessBase"]
[SourceDate "2023.10.10"]
[SourceVersion "1"]
[SourceVersionDate "2023.10.10"]
[SourceQuality "1"]

1. c4 Nf6 2. Nc3 d5 3. e3 Bf5 4. d4 e6 5. Bd3 Bxd3 6. Qxd3 a6 7. Nge2 Nc6 8. a3 dxc4 9. Qxc4 Nd5 10. e4 Nb6 11. Qd3 Bc5 12. Qg3 Bxd4 13. Nxd4 Qxd4 14. 0-0 0-0-0 15. Be3 Qe5 16. Bf4 Qc5 17. Bxc7 Rdg8 18. b4 Nxb4 19. Bxb6 Qxb6 20. axb4 Qxb4 21. Ra4 Qc5 22. Rc1 Kd7 23. Ne2 Qb6 24. Rd4+ Ke7 25. Qa3+ Kf6 26. e5+ Kf5 27. Qf3+ 1-0

[Event "Halden CC-ch"]
[Site "Halden"]
[Date "2012.01.24"]
[Round "4"]
[White "Tosi, Valerio"]
[Black "Knudsen, Bjornar"]
[Result "0-1"]
[WhiteElo "1162"]
[BlackElo "1259"]
[PlyCount "74"]
[EventDate "2012.01.24"]
[EventType "swiss"]
[EventRounds "9"]
[EventCountry "NOR"]
[SourceTitle "EXT 2024"]
[Source "ChessBase"]
[SourceDate "2023.10.10"]
[SourceVersion "1"]
[SourceVersionDate "2023.10.10"]
[SourceQuality "1"]

1. e4 d5 2. exd5 Qxd5 3. Nc3 Qd6 4. Nf3 Nf6 5. h3 a6 6. Be2 Nc6 7. a3 Bf5 8. d4 Ne4 9. Nxe4 Bxe4 10. 0-0 0-0-0 11. c3 h6 12. b4 Qg6 13. b5 Bxf3 14. Bxf3 axb5 15. Be3 e5 16. d5 Na5 17. Be2 c6 18. Qc1 Nb3 19. Qb2 Nxa1 20. dxc6 Qxc6 21. Bxb5 Qc7 22. Qxa1 Bc5 23. Qa2 Bxe3 24. fxe3 Rhf8 25. Qc2 Qb6 26. Qf5+ Qe6 27. Qc2 f5 28. Qa4 Kb8 29. c4 Qb6 30. Qb3 f4 31. Rf3 fxe3 32. Rxe3 Rd1+ 33. Kh2 Rff1 34. c5 Rh1+ 35. Kg3 Qg6+ 36. Kf3 Qf5+ 37. Kg3 Qf4# 0-1

[Event "Halden Autumn"]
[Site "Halden"]
[Date "2011.??.??"]
[Round "3"]
[White "Oberg, Lasse"]
[Black "Knudsen, Bjornar"]
[Result "0-1"]
[WhiteElo "998"]
[BlackElo "1221"]
[PlyCount "88"]
[EventDate "2011.08.30"]
[EventType "swiss"]
[EventRounds "9"]
[EventCountry "NOR"]
[SourceTitle "EXT 2024"]
[Source "ChessBase"]
[SourceDate "2023.10.10"]
[SourceVersion "1"]
[SourceVersionDate "2023.10.10"]
[SourceQuality "1"]

1. c4 Nf6 2. Nc3 e6 3. e4 d6 4. d4 Nc6 5. d5 exd5 6. cxd5 Ne5 7. f4 Ng6 8. Nf3 Bg4 9. g3 a6 10. f5 Ne5 11. Be2 Qe7 12. h3 Bxf3 13. Bxf3 h6 14. Bg2 g6 15. fxg6 fxg6 16. Ne2 g5 17. Nd4 0-0-0 18. Bd2 Nd3+ 19. Kf1 Nc5 20. Ne6 Nxe6 21. dxe6 Qxe6 22. Qc2 Qf7 23. Kg1 Re8 24. Rf1 Qe6 25. Re1 Bg7 26. Ba5 Re7 27. Bc3 Qxa2 28. Bf3 Qc4 29. Rh2 Rf8 30. Qg2 Qc5+ 31. Kh1 Rfe8 32. e5 Nd7 33. Bxb7+ Kb8 34. Bxa6 Qb6 35. Ra1 Bxe5 36. Bb5 Kc8 37. Qa8+ Qb8 38. Ba6+ Kd8 39. Qd5 Bxc3 40. bxc3 Re1+ 41. Rxe1 Rxe1+ 42. Kg2 Qb2+ 43. Kf3 Qxc3+ 44. Kg4 Nf6+ 0-1